|
|
|
|
| LEADER |
00891nam a2200241 a 4500 |
| 001 |
3854567 |
| 008 |
090715s1988 nyuc 000 0 eng d |
| 010 |
|
|
|a 88004260
|
| 020 |
|
|
|a 0571206999
|
| 040 |
|
|
|a DLC
|c DLC
|d DLC
|
| 082 |
0 |
0 |
|a 821/.7
|2 19
|
| 100 |
1 |
|
|a Wordsworth, William,
|d 1770-1850.
|
| 240 |
1 |
0 |
|a Poems.
|k Selections
|
| 245 |
1 |
4 |
|a William Wordsworth /
|c poems selected by Seamus Heaney.
|
| 260 |
|
|
|a New York ;
|a London :
|b Faber and Faber,
|c 1988.
|
| 300 |
|
|
|a 140 p. :
|c 17 cm.
|
| 541 |
1 |
|
|e 00014279
|
| 700 |
1 |
|
|a Heaney, Seamus,
|d 1939-
|
| 600 |
0 |
|
|a Wordsworth, William
|y 1770-1850.
|
| 830 |
|
0 |
|a Essential poets (New York, N.Y.) ;
|v v. 6.
|
| 852 |
4 |
|
|a Ayesha Abed Library
|j General shelf
|
| 999 |
|
|
|c 2479
|d 2479
|
| 952 |
|
|
|0 0
|1 0
|2 ddc
|4 0
|6 821_700000000000000_WOR
|7 0
|9 2294
|a BRACUL
|b BRACUL
|c GEN
|d 2009-07-16
|g 451.00
|l 11
|m 60
|o 821.7 WOR
|p 3010014279
|r 2025-10-20
|s 2025-10-20
|t 1
|w 2009-07-16
|y BK
|